| 000 | 00765nam a22002417a 4500 | ||
|---|---|---|---|
| 001 | BR9505543 | ||
| 003 | BR-BrBNA | ||
| 005 | 20230928094637.0 | ||
| 007 | ta | ||
| 008 | 230509b bl.||||| |||| 00| 0 por d | ||
| 040 |
_aBR-BrBNA _bpor _cBiblioteca Nacional de Agricultura |
||
| 041 | _a(Por) | ||
| 072 |
_aE14; E13 _b1540 |
||
| 090 | _ 1540 BR9505543 | ||
| 110 | 1 |
_aComissao Executiva Nacional do Alcool, Brasilia, DF (Brasil) _92156 |
|
| 245 | 1 | _aElaboracao de projeto para implantacao ou ampliacao de lavoura. Roteiro E: materias primas: mandioca, babacu e/ou sorgo sacarino | |
| 260 | 3 |
_aBrasilia, DF (Brasil): _c1979. |
|
| 300 | _a27 p. | ||
| 650 | _aProjeto Agricola | ||
| 650 | _aInvestimento | ||
| 909 |
_a202309 _bLucia _c55 _dLucia Elande |
||
| 942 | _cBK | ||
| 999 |
_c51832 _d51832 |
||